000 00900nam a22001937a 4500
003 OSt
005 20260213024203.0
008 260213b |||||||| |||| 00| 0 eng d
040 _aDWCL GS library
_cOC
082 _aFic. C874h 2007
100 _aCowell, Cressida
245 _ahow to train your dragon book 6
_b: a hero's guide to deadly dragons
_cCressida Cowell
260 _aNew York
_bHachette Book Group
_cc2007
300 _a175
_billustrations
_c20cm
520 _a Hiccup faces his birthday with impending doom after Toothless eats a vital, sacred book, leading to potential banishment. To save his dragon, Hiccup must break into the Meathead Public Library to steal another copy, facing the Hairy Scary Librarian, 400 warriors, and Driller-Dragons.
546 _aEnglish
700 _aCressida Cowell
942 _2ddc
_cFIC.
_hFic. C874h 2007
_n0
999 _c8394
_d8394